000 01316nam a2200397 c 4500
001 52987
003 ES-MaCES
005 20250307092626.0
007 cr |||||||||||
008 240212s2023 sp a t 000 | spa d
020 _a9788418977145
040 _aES-MaCES
_bspa
_cES-MaCES
245 0 0 _aAnuario internacional CIDOB 2023
_b: claves para interpretar la agenda global
260 _aBarcelona
_bFundació CIDOB
_c2023
300 _a265 p.
_bfot., mapas, il. col.
_c27 cm
_e1 documento pdf (37,7 mb)
541 _cCompra
650 4 _arelaciones internacionales
_926675
650 4 _apolítica exterior
_926687
650 4 _ageografía política
_928776
650 4 _aglobalización económica
_930653
650 4 _acambio tecnológico
_928236
650 4 _acambio climático
_930961
650 4 _ademocracia
_927175
650 4 _aconflicto armado
_930364
650 4 _aproblema político
_927244
650 4 _aUE
_926752
650 4 _ainternacional
_926674
650 4 _a2023
_940696
650 4 _aanuario
_928963
653 1 0 _aCiencias Sociales-Políticas
710 2 _91819
_aCIDOB
787 0 _tAnuario internacional CIDOB 2022
_w(ES-MaCES)52690
856 4 _uhttp://biblioteca.ces.es/repintra/B52987.pdf
_ytexto completo
_z[intranet]
902 _aLIB Libro
942 _2CES
_cBK
_h7.0.
999 _c52987
_d52987